Historias caballerescas del siglo XVI / (Record no. 11722)

MARC details
000 -LEADER
campo de control de longitud fija 01430nam a22002535i 4500
001 - NÚMERO DE CONTROL
campo de control 11722
003 - IDENTIFICADOR DE NÚMERO DE CONTROL
campo de control ES-MaACL
005 - FECHA Y HORA DE LA ÚLTIMA TRANSACCIÓN
campo de control 20250825003554.0
007 - CAMPO FIJO DE DESCRIPCIÓN FÍSICA--INFORMACIÓN GENERAL
campo de control de longitud fija t|
008 - DATOS DE LONGITUD FIJA--INFORMACIÓN GENERAL
campo de control de longitud fija 950906m19959999sp ||||0| spa j
020 ## - NÚMERO INTERNACIONAL ESTÁNDAR DEL LIBRO
Número Internacional Estándar del Libro 84-7506-424-8
040 ## - FUENTE DE CATALOGACIÓN
Centro catalogador/agencia de origen M-BN
Lengua de catalogación spa
Centro/agencia transcriptor M-BN
080 ## - NÚMERO DE LA CLASIFICACIÓN DECIMAL UNIVERSAL
Número de la Clasificación Decimal Universal 82-392"15"
245 00 - MENCIÓN DEL TÍTULO
Título Historias caballerescas del siglo XVI /
Mención de responsabilidad, etc. [edición y prólogo de Nieves Baranda].
260 ## - PUBLICACIÓN, DISTRIBUCIÓN, ETC.
Lugar de publicación, distribución, etc. Madrid :
Nombre del editor, distribuidor, etc. Turner,
Fecha de publicación, distribución, etc. 1995.
300 ## - DESCRIPCIÓN FÍSICA
Extensión 2 v. ;
Dimensiones 23 cm.
490 1# - MENCIÓN DE SERIE
Mención de serie Biblioteca Castro
505 8# - NOTA DE CONTENIDO CON FORMATO
Nota de contenido con formato V.I: Corónica del Çid Ruy Díaz. Historia de Enrique fijo de doña Oliva. La historia de los nobles cavalleros Oliveros de Castilla y Artús d'Algarbe. Libro del conde Partinuplés. Historia de la reina de Sevilla. La crónica del noble cavallero el conde Fernán Gonçales. La espantosa y admirable vida de Roberto el Diablo.-- V.II: Libro del rey Canamor. La historia de los dos enamorados Flores y Blancaflor. La crónica de los nobles cavalleros Tablante de Ricamonte y de Jofre. La historia de la linda Magalona. La Poncella de Francia. Historia del emperador Carlo Magno y de los doze pares de Francia. Historia del cavallero Clamades. La historia del noble cavallero París y de la donzella Viana.
650 #7 - PUNTO DE ACCESO ADICIONAL DE MATERIA--TÉRMINO DE MATERIA
Término de materia o nombre geográfico como elemento de entrada Libros de caballería
Fuente del encabezamiento o término embne
9 (RLIN) 136412
700 1# - ENTRADA AGREGADA--NOMBRE PERSONAL
Nombre de persona Baranda, Nieves.
9 (RLIN) 25305
830 0# - PUNTO DE ACCESO ADICIONAL DE SERIE-TÍTULO UNIFORME
Título uniforme Biblioteca Castro
9 (RLIN) 178957
852 ## - LOCALIZACIÓN
Ubicación ES-MaACL
Número de control de estantería L-29757-58
Sublocalización o colección R.125319
Holdings
Estatus retirado Estado de pérdida Estado de daño No para préstamo Biblioteca de origen Biblioteca actual Ubicación en estantería Fecha de adquisición Fuente de adquisición Total de préstamos Signatura topográfica completa Código de barras Visto por última vez Precio de reemplazo Tipo de ítem Koha
        Biblioteca del Ateneo de Madrid Biblioteca del Ateneo de Madrid Depósito 2 17/01/2008     L-29757-58 1011947 23/02/2023 23/02/2023 Libro impreso